On the preparation and delivery of sermons, (Record no. 4444)
[ view plain ]
| 000 -LEADER | |
|---|---|
| fixed length control field | 00879nam a2200253I 4500 |
| 001 - CONTROL NUMBER | |
| control field | 2476387 |
| 003 - CONTROL NUMBER IDENTIFIER | |
| control field | OSt |
| 005 - DATE AND TIME OF LATEST TRANSACTION | |
| control field | 20181205184054.0 |
| 008 - FIXED-LENGTH DATA ELEMENTS--GENERAL INFORMATION | |
| fixed length control field | 761001s1944 nyu b 001 0 eng |
| 010 ## - LIBRARY OF CONGRESS CONTROL NUMBER | |
| LC control number | 44005786 |
| 040 ## - CATALOGING SOURCE | |
| Original cataloging agency | DLC |
| Transcribing agency | YAH |
| Modifying agency | m.c. |
| -- | DNU |
| 082 ## - DEWEY DECIMAL CLASSIFICATION NUMBER | |
| Classification number | 251 |
| Item number | B863O |
| 090 ## - LOCALLY ASSIGNED LC-TYPE CALL NUMBER (OCLC); LOCAL CALL NUMBER (RLIN) | |
| Classification number (OCLC) (R) ; Classification number, CALL (RLIN) (NR) | BV4211 |
| Local cutter number (OCLC) ; Book number/undivided call number, CALL (RLIN) | .B67 |
| 090 ## - LOCALLY ASSIGNED LC-TYPE CALL NUMBER (OCLC); LOCAL CALL NUMBER (RLIN) | |
| Classification number (OCLC) (R) ; Classification number, CALL (RLIN) (NR) | BV4211 |
| Local cutter number (OCLC) ; Book number/undivided call number, CALL (RLIN) | .B67 1944 |
| 100 1# - MAIN ENTRY--PERSONAL NAME | |
| Personal name | Broadus, John Albert, |
| Dates associated with a name | 1827-1895 |
| 245 10 - TITLE STATEMENT | |
| Title | On the preparation and delivery of sermons, |
| Statement of responsibility, etc. | by John A. Broadus. New and rev. ed. by Jesse Burton Weatherspoon |
| 260 ## - PUBLICATION, DISTRIBUTION, ETC. | |
| Place of publication, distribution, etc. | New York, |
| -- | London, |
| Name of publisher, distributor, etc. | Harper brothers, |
| Date of publication, distribution, etc. | [1944] |
| 300 ## - PHYSICAL DESCRIPTION | |
| Extent | xviii p., 1 ℓ., 392 p. |
| Dimensions | 22 cm |
| 500 ## - GENERAL NOTE | |
| General note | First edition, 1870, published under title: A treatise on the preparation and delivery of sermons |
| 504 ## - BIBLIOGRAPHY, ETC. NOTE | |
| Bibliography, etc. note | Bibliography : p. 379-388 |
| 650 #0 - SUBJECT ADDED ENTRY--TOPICAL TERM | |
| Topical term or geographic name entry element | Preaching |
| 700 1# - ADDED ENTRY--PERSONAL NAME | |
| Personal name | Weatherspoon, J. B. |
| Fuller form of name | (Jesse Burton), |
| Dates associated with a name | 1886-1964 |
| 942 ## - ADDED ENTRY ELEMENTS (KOHA) | |
| Source of classification or shelving scheme | Dewey Decimal Classification |
| Koha item type | Books |
| Withdrawn status | Lost status | Source of classification or shelving scheme | Damaged status | Not for loan | Collection code | Home library | Current library | Shelving location | Date acquired | Cost, normal purchase price | Total Checkouts | Full call number | Barcode | Date last seen | Price effective from | Koha item type |
|---|---|---|---|---|---|---|---|---|---|---|---|---|---|---|---|---|
| Dewey Decimal Classification | Not For Loan | Non-fiction | Harvest Mission College | Harvest Mission College | General Stacks | 05.12.2018 | 120.00 | 251 B863O | 005100 | 05.12.2018 | 05.12.2018 | Books |
